000 00609nam a2200229Ia 4500
003 OSt
005 20220923225800.0
006 a|||||r|||| 00| 0
007 ta
008 Pun
024 _a274,646
037 _cTextual
040 _aARTS
_cARTS
_bPun
041 _2Pun
_aPun
082 _aO153,1J56,1:g, K8;M6
100 _aਸਿੰਘ, ਗੁਰਦੇਵ
_9156291
245 0 _aਹੀਰ ਦਮੋਦਰ
260 _c1968
650 _aਪੰਜਾਬੀ ਸਾਹਿਤ
942 _hO153,1J56,1:g, K8;M6
_cTEXL
_2CC
999 _c380370
_d380370